| Tag |
First Indicator |
Second Indicator |
Subfields |
| LEADER |
00000ctm a2200000 i 4500 |
| 001 |
in00005667421 |
| 008 |
170508s1970 txua f bm 000 0 eng d |
| 005 |
20251027151752.1 |
| 035 |
|
|
|a (OCoLC)on1083697154
|
| 040 |
|
|
|a IBD
|b eng
|e rda
|c IBD
|d OCLCO
|d IWU
|d OCLCF
|d OCLCA
|d OCLCO
|d OCLCQ
|d OCL
|d OCLCO
|d OCLCL
|d OCLCQ
|
| 035 |
|
|
|a (OCoLC)1083697154
|
| 050 |
|
4 |
|a RB45
|b .C377 1970
|
| 100 |
1 |
|
|a Carson, Freida L.,
|d 1926-
|e author.
|1 https://id.oclc.org/worldcat/entity/E39PCjDq8v37rkKmQxwR94hcxC
|
| 245 |
1 |
0 |
|a Ultrastructural effect of various buffers, osmolality, and temperature on paraformaldehyde fixation of the formed elements of blood and bone marrow /
|c by Freida Loyce Carson.
|
| 264 |
|
1 |
|c 1970.
|
| 300 |
|
|
|a viii, 77 leaves :
|b illustrations ;
|c 29 cm
|
| 336 |
|
|
|a text
|b txt
|2 rdacontent
|
| 337 |
|
|
|a unmediated
|b n
|2 rdamedia
|
| 338 |
|
|
|a volume
|b nc
|2 rdacarrier
|
| 502 |
|
|
|b M.S.
|c Baylor College of Dentistry, 1970
|
| 504 |
|
|
|a Includes bibliographical references.
|
| 520 |
3 |
|
|a The effects of varying the buffer, osmolality, and temperature on paraformaldehyde fixation of the formed elements of blood and bone marrow were studied with the electron microscope. Of all the areas of fixation investigated, the most noticeable effect was exhibited on cellular ultrastructure when the buffer system was varied, with s-collidine giving the poorest preservation and phosphate giving the best preservation. Very little effect was exerted by varying the tonicity of the fixative within a given buffer system or by varying the temperature of fixation. It was concluded that for blood and bone marrow specimens, phosphate buffered paraformaldehyde solutions, regardless of osmolality or temperature of fixation, give excellent ultrastructural preservation.
|
| 650 |
|
0 |
|a Blood
|x Examination.
|
| 650 |
|
0 |
|a Bone marrow
|x Examination.
|
| 650 |
|
0 |
|a Buffer solutions.
|
| 650 |
|
0 |
|a Ultrastructure (Biology)
|
| 650 |
|
0 |
|a Blood.
|
| 650 |
|
0 |
|a Bone marrow.
|
| 650 |
|
2 |
|a Blood
|
| 650 |
|
2 |
|a Bone Marrow
|
| 650 |
|
2 |
|a Blood Specimen Collection
|
| 650 |
|
2 |
|a Bone Marrow Examination
|
| 650 |
|
2 |
|a Buffers
|
| 650 |
|
6 |
|a Sang
|x Examen.
|
| 650 |
|
6 |
|a Moelle osseuse
|x Examen.
|
| 650 |
|
6 |
|a Solutions tampons.
|
| 650 |
|
6 |
|a Ultrastructure (Biologie)
|
| 650 |
|
6 |
|a Sang.
|
| 650 |
|
6 |
|a Moelle osseuse.
|
| 650 |
|
7 |
|a buffers (cutters)
|2 aat
|
| 650 |
|
7 |
|a buffers (surface working tools)
|2 aat
|
| 650 |
|
7 |
|a buffers (components)
|2 aat
|
| 650 |
|
7 |
|a ultrastructure.
|2 aat
|
| 650 |
|
7 |
|a blood (animal material)
|2 aat
|
| 650 |
|
7 |
|a buffer (material)
|2 aat
|
| 650 |
|
7 |
|a Bone marrow
|2 fast
|
| 650 |
|
7 |
|a Blood
|2 fast
|
| 650 |
|
7 |
|a Blood
|x Examination
|2 fast
|
| 650 |
|
7 |
|a Bone marrow
|x Examination
|2 fast
|
| 650 |
|
7 |
|a Buffer solutions
|2 fast
|
| 650 |
|
7 |
|a Ultrastructure (Biology)
|2 fast
|
| 655 |
|
2 |
|a Academic Dissertation
|
| 655 |
|
7 |
|a dissertations.
|2 aat
|
| 655 |
|
7 |
|a Academic theses
|2 fast
|
| 655 |
|
7 |
|a Academic theses.
|2 lcgft
|
| 655 |
|
7 |
|a Thèses et écrits académiques.
|2 rvmgf
|
| 700 |
1 |
|
|a Matthews, J. Les
|q (James Les),
|d 1926-
|e chair.
|1 https://id.oclc.org/worldcat/entity/E39PCjrqyBhJw3XRdhPj4mrwYd
|
| 758 |
|
|
|i has work:
|a Ultrastructural effect of various buffers, osmolality, and temperature on paraformaldehyde fixation of the formed elements of blood and bone marrow (Text)
|1 https://id.oclc.org/worldcat/entity/E39PCGPMRChXFrmvgyhQRPjhBP
|4 https://id.oclc.org/worldcat/ontology/hasWork
|
| 936 |
|
|
|a BATCHLOAD
|
| 994 |
|
|
|a Z0
|b TXA
|
| 948 |
|
|
|h HELD BY TXA - 2 OTHER HOLDINGS
|
| 999 |
f |
f |
|s 86d3f330-a4a8-4575-a374-f951c254257a
|i 1b8f86a0-2d8d-4d07-a50f-d7ceae0bda33
|t 0
|
| 952 |
f |
f |
|p normal
|a Texas A&M University
|b J.J. Pickle Campus
|c High Density Repository
|d Remote Storage
|t 0
|i unmediated -- volume
|m 1000006095L
|
| 998 |
f |
f |
|t 0
|l Remote Storage
|